| 000 | 01748nam a2200301 a 4500 | ||
|---|---|---|---|
| 001 | 77805 | ||
| 003 | BD-RjUL | ||
| 005 | 20211209083028.0 | ||
| 008 | 210119s2008 bg a|||| m||| 00| 0 ben d | ||
| 035 | _a(BD-RjUL)78031 | ||
| 040 |
_aBD-RjUL _bben /eng _cBD-RjUL _dBD-RjUL |
||
| 041 | _aben | ||
| 082 |
_a305.4095492 _bNEB 2008 _223 |
||
| 100 |
_aনেছা, মোসা. ফজিলাতুন _9243684 |
||
| 245 | 1 | 0 |
_aবাংলাদেশের নারী উন্নয়ন ও লিঙ্গ বৈষম্য / _cমোসা. ফজিলাতুন নেছা ; _6তত্ত্বাবধায়ক : তাহমিনা আলম |
| 260 |
_aরাজশাহী : _bইতিহাস বিভাগ, রাজশাহী বিশ্ববিদ্যালয়, _c২০০৮ |
||
| 300 |
_ax, ৩০৫ পাতা : _bচিএ ; _c২৯ সেমি. |
||
| 502 | _aথিসিস ( পিএইচ. ডি.) -- ইতিহাস বিভাগ, রাজশাহী বিশ্ববিদ্যালয়, ২০০৮ | ||
| 504 | _aগ্রন্থপঞ্জি : পাতা [২৮৫]-৩০৫ | ||
| 650 |
_aমহিলা _zবাংলাদেশ _xসামাজিক পরিস্থিতি _9243946 |
||
| 650 |
_aWomen _zBangladesh _xSocial conditions. _9243947 |
||
| 650 |
_aঅর্থনৈতিক উন্নয়নে নারী _zবাংলাদেশ _9243948 |
||
| 650 |
_aWomen in economic development _zBangladesh. _9243949 |
||
| 650 |
_aলিঙ্গ বৈষম্য _9243950 |
||
| 650 |
_aGender discrimination _9243951 |
||
| 700 |
_aআলম, তাহমিনা, তত্ত্বাবধায়ক _9243682 |
||
| 942 |
_2ddc _cTHE |
||
| 999 |
_c77805 _d77805 |
||